000 00667nam a2200265Ia 4500
005 20260306164127.0
008 008 260114s9999 xx 000 0 eng d
020 _a9781400838660
037 _aEBOOK
040 _aCRL
040 _beng
040 _cCRL
041 _2eng
041 _aeng
084 _qCRL
100 _aCohen, Otsuka
_91130058
245 0 _aOn The Currency Of Egalitarian Justice, And Other Essays In Political Philosophy
260 _bPrinceton University Press
260 _c2017
650 _aPhilosophy
856 _uhttps://academic.oup.com/book/30649
942 _cEBOOK
999 _c1712857
_d1712857